000
00257nam a2200097Ia 4500
001
1253373
005
20251031150952.0
008
251031s9999 xx 000 0 und d
245
0
_c
SUSANNE BİLLİG
_a
Y-5 PİRİ REİSİN HARİTASI
260
_b
ERDEM YAYINLARI
999
_c
1253373
_d
1253373